Online
Catalog

Conversaciones con el diablo : (Record no. 22524)

MARC details
000 -CABECERA
campo de control de longitud fija 00702nam a2200229 a 4500
001 - NÚMERO DE CONTROL
campo de control 000023027
005 - FECHA Y HORA DE LA ÚLTIMA TRANSACCIÓN
campo de control 20200930021936.0
008 - DATOS DE LONGITUD FIJA--INFORMACIÓN GENERAL
campo de control de longitud fija 101124s1992 ve r 000 f spa d
020 ## - NÚMERO INTERNACIONAL ESTÁNDAR DEL LIBRO
Número Internacional Estándar del Libro 9800105581
040 ## - FUENTE DE LA CATALOGACIÓN
Centro catalogador/agencia de origen DO-SdBNP
Lengua de catalogación spa
Centro/agencia transcriptor BNPHU
082 ## - NÚMERO DE LA CLASIFICACIÓN DECIMAL DEWEY
Número de clasificación 891.85
Número de documento/Ítem K81c, 1992
049 ## - FONDOS LOCALES (OCLC)
Fondos de biblioteca BNGR
100 1# - ENTRADA PRINCIPAL--NOMBRE DE PERSONA
Nombre de persona Kolakowski, Leszek,
Fechas asociadas al nombre 1927-2009
9 (RLIN) 47375
245 10 - MENCIÓN DE TÍTULO
Título Conversaciones con el diablo :
Resto del título ocho discursos sobre el mal y dos piezas /
Mención de responsabilidad, etc. Leszek Kolakowski.
250 ## - MENCIÓN DE EDICIÓN
Mención de edición 2a ed.
260 ## - PUBLICACIÓN, DISTRIBUCIÓN, ETC.
Lugar de publicación, distribución, etc. Caracas :
Nombre del editor, distribuidor, etc. Monte Ávila,
Fecha de publicación, distribución, etc. 1992.
300 ## - DESCRIPCIÓN FÍSICA
Extensión 196, [1] p. ;
Dimensiones 21 cm.
490 1# - MENCIÓN DE SERIE
Mención de serie Continentes
650 #4 - PUNTO DE ACCESO ADICIONAL DE MATERIA--TÉRMINO DE MATERIA
Término de materia o nombre geográfico como elemento de entrada Novela polaca
9 (RLIN) 9154
650 #4 - PUNTO DE ACCESO ADICIONAL DE MATERIA--TÉRMINO DE MATERIA
Término de materia o nombre geográfico como elemento de entrada Literatura polaca
Subdivisión cronológica SIGLO XX
9 (RLIN) 47376
830 #0 - PUNTO DE ACCESO ADICIONAL DE SERIE-TÍTULO UNIFORME
Título uniforme Continentes
9 (RLIN) 5341
Holdings
Estado de retiro Estado de pérdida Restricciones de uso No para préstamo Código de colección Localización permanente Ubicación/localización actual Ubicación en estantería Fecha de adquisición Número de inventario Total de préstamos Signatura topográfica completa Código de barras Fecha visto por última vez Precio válido a partir de Tipo de ítem Koha Número de copia
    Préstamo interno   Monografías: Libros y Folletos General General En catalogación 24.11.2010 LF1   891.85 K81c, 1992 23027-10 25.06.2020 25.06.2020 Préstamo interno  
    Préstamo interno Préstamo restrigido   General General En catalogación 29.11.2010 LF1   891.85 K81c, 1992 23027-20 25.06.2020 25.06.2020 Préstamo interno e.2

Powered by Koha